Statistics for Pokemon Grab Bag #1

Click here to take the quiz!

General Stats

  • This quiz has been taken 77 times
  • The average score is 14 of 19

Answer Stats

Answer% Correct
Regice
98%
Regirock
98%
Registeel
98%
Dark
97%
Fire Punch
97%
Ghost
97%
Ice Punch
97%
Jolteon
97%
Thunder Punch
95%
Regigigas
92%
Bug
90%
Raichu
90%
Heart Scale
68%
Mallow
47%
Lana
45%
Kiawe
42%
Eelektross
35%
Big Mushroom
13%
Tiny Mushroom
13%

Score Distribution

Percentile by Number Answered

Percent of People with Each Score

Your Score History

You have not taken this quiz